Normal view
MARC view
- Multicultural education
Entry Topical Term
001 - CONTROL NUMBER
- control field: 6614
003 - CONTROL NUMBER IDENTIFIER
- control field: OSt
005 - DATE AND TIME OF LATEST TRANSACTION
- control field: 20170522090204.0
008 - FIXED-LENGTH DATA ELEMENTS
- fixed length control field: 170522|| aca||aabn | a|a d
040 ## - CATALOGING SOURCE
- Original cataloging agency: OSt
- Transcribing agency: OSt
150 ## - HEADING--TOPICAL TERM
- Topical term or geographic name entry element: Multicultural education
670 ## - SOURCE DATA FOUND
- Source citation: Work cat.: (OSt)0: Simons, George F. 6613, Working together :, 1989

PORTAL AKMAL
E-MEL JKDM
AKMAL2U
G-BAM
u-PUSTAKA